| Tag |
First Indicator |
Second Indicator |
Subfields |
| LEADER |
00000cam a2200000 4500 |
| 001 |
in00000046213 |
| 005 |
20151007071243.0 |
| 008 |
720705s1961 njua b 00000 eng u |
| 010 |
|
|
|a 61012002
|
| 035 |
|
|
|a (OCoLC)00348962
|
| 035 |
|
|
|9 AAE5614AM
|
| 040 |
|
|
|c URB
|d CHS
|d TXA
|d UtOrBLW
|
| 049 |
|
|
|a TXAM
|c [338987]
|
| 050 |
|
0 |
|a QH431
|b .B634
|
| 060 |
|
0 |
|a QH 431 B717h 1961
|
| 092 |
|
|
|a 575.1
|b B716h, 1961
|
| 100 |
1 |
|
|a Bonner, David M.
|
| 245 |
1 |
0 |
|a Heredity.
|
| 264 |
|
1 |
|a Englewood Cliffs, N. J. :
|b Prentice-Hall,
|c 1961.
|
| 300 |
|
|
|a 112 pages :
|b illustrations ;
|c 23 cm.
|
| 336 |
|
|
|a text
|b txt
|2 rdacontent
|
| 337 |
|
|
|a unmediated
|b n
|2 rdamedia
|
| 338 |
|
|
|a volume
|b nc
|2 rdacarrier
|
| 490 |
1 |
|
|a Foundations of modern biology series
|
| 504 |
|
|
|a Includes bibliography.
|
| 650 |
|
0 |
|a Heredity.
|
| 650 |
|
0 |
|a Genetics.
|
| 830 |
|
0 |
|a Prentice-Hall foundations of modern biology series.
|
| 999 |
|
|
|a MARS
|
| 999 |
f |
f |
|s 17baaff9-c5a0-30dd-97aa-65a82b88d8f8
|i 99fe2858-526a-3929-9489-326b04038b81
|t 0
|
| 952 |
f |
f |
|p ric
|a Texas A&M University
|b Rellis Campus
|c Joint Library Facility
|d Remote Storage
|t 0
|e QH431 .B634
|h Library of Congress classification
|i unmediated -- volume
|m A14800978153
|
| 998 |
f |
f |
|a QH431 .B634
|t 0
|l Remote Storage
|